000 00439nam a2200193Ia 4500
005 20240823051747.0
008 240823s9999||||xx |||||||||||||| ||und||
041 _aENGLISH
082 _A543.0858 N4
100 _aGurdeep Chatwal
245 0 _aSpectroscopy
250 _a1st
260 _c1994
_b"Himalaya,Bombay"
500 _aTRANSFERED
650 _aPhysics
_bPhysics
700 _a Sham Anand
942 _cBK
999 _c220310
_d220310